Measuring construction (Record no. 115689)
[ view plain ]
| 000 -LEADER | |
|---|---|
| fixed length control field | 02513cam a2200361 4500 |
| 001 - CONTROL NUMBER | |
| control field | L159125 |
| 008 - FIXED-LENGTH DATA ELEMENTS--GENERAL INFORMATION | |
| fixed length control field | 091019s2015 000 0 eng u |
| 020 ## - INTERNATIONAL STANDARD BOOK NUMBER | |
| International Standard Book Number | 9781315882925 |
| 035 ## - SYSTEM CONTROL NUMBER | |
| System control number | (Sirsi) u159125 |
| 041 0# - LANGUAGE CODE | |
| Language code of text/sound track or separate title | eng |
| 050 04 - LIBRARY OF CONGRESS CALL NUMBER | |
| Classification number | 338.4369 |
| 050 04 - LIBRARY OF CONGRESS CALL NUMBER | |
| Classification number | 338.47624 |
| 245 ## - TITLE STATEMENT | |
| Title | Measuring construction |
| Remainder of title | Prices, output and productivity |
| Medium | [electronic resource] |
| 260 ## - PUBLICATION, DISTRIBUTION, ETC. | |
| Place of publication, distribution, etc. | Oxon |
| Name of publisher, distributor, etc. | Routledge |
| -- | Taylor and Francis |
| Date of publication, distribution, etc. | 2015 |
| 505 2# - FORMATTED CONTENTS NOTE | |
| Formatted contents note | Setting the scene -- Background to purchasing power parity indices -- International construction cost comparisons -- The International Comparison Program and purchasing power parities for construction -- A review of construction cost and price indices in Britain -- Measuring and comparing construction activity internationally -- Internationalization of the construction industry -- Performance measures for construction -- Refining the citiBLOC index -- A review of the theory and measurement techniques of productivity in the construction industry -- Construction productivity and cost estimation using artificial neural networks -- Determining levels of productivity in the construction industry using data development analysis -- Endnote -- Index |
| 520 ## - SUMMARY, ETC. | |
| Summary, etc. | Looks at fundamental economic theories and concepts with respect to the construction industry, and explains their merits and shortcomings, sometimes by looking at real life examples. Drawing on current research the contributors focus specifically on industry performance, productivity measurement, construction in national accounts, comparing international construction costs and prices, and comparing international productivity. The scope of the book is international, addressing problems that arise everywhere from individual project documentation, right up to national industrial accounts. It is essential reading for postgraduate construction students and researchers, students of industrial economics, construction economists and policy-makers. |
| 590 ## - LOCAL NOTE (RLIN) | |
| Local note | KA |
| 650 24 - SUBJECT ADDED ENTRY--TOPICAL TERM | |
| Topical term or geographic name entry element | EBOOK |
| 650 24 - SUBJECT ADDED ENTRY--TOPICAL TERM | |
| Topical term or geographic name entry element | ECONOMIC THEORY |
| 650 24 - SUBJECT ADDED ENTRY--TOPICAL TERM | |
| Topical term or geographic name entry element | PRODUCTIVITY LEVELS |
| 650 24 - SUBJECT ADDED ENTRY--TOPICAL TERM | |
| Topical term or geographic name entry element | PURCHASING POWER |
| 650 24 - SUBJECT ADDED ENTRY--TOPICAL TERM | |
| Topical term or geographic name entry element | PERFORMANCE |
| 650 24 - SUBJECT ADDED ENTRY--TOPICAL TERM | |
| Topical term or geographic name entry element | CONSTRUCTION INDUSTRY |
| 650 24 - SUBJECT ADDED ENTRY--TOPICAL TERM | |
| Topical term or geographic name entry element | CONSTRUCTION COSTS |
| 650 24 - SUBJECT ADDED ENTRY--TOPICAL TERM | |
| Topical term or geographic name entry element | COST ESTIMATION |
| 651 #4 - SUBJECT ADDED ENTRY--GEOGRAPHIC NAME | |
| Geographic name | International |
| 690 ## - LOCAL SUBJECT ADDED ENTRY--TOPICAL TERM (OCLC, RLIN) | |
| Topical term or geographic name as entry element | BUILT ENVIRONMENT-CONSTRUCTION MANAGEMENT |
| 700 1# - ADDED ENTRY--PERSONAL NAME | |
| Personal name | Miekle, Jim |
| 700 1# - ADDED ENTRY--PERSONAL NAME | |
| Personal name | Best, Rick |
| 856 40 - ELECTRONIC LOCATION AND ACCESS | |
| Uniform Resource Identifier | <a href="https://www.vlebooks.com/">https://www.vlebooks.com/</a> |
| Public note | View on VLEbooks. Logins for members only from [email protected] |
| 942 ## - ADDED ENTRY ELEMENTS (KOHA) | |
| Suppress in OPAC | 0 |
| Withdrawn status | Lost status | Source of classification or shelving scheme | Damaged status | Not for loan | Home library | Current library | Shelving location | Date acquired | Total Checkouts | Full call number | Barcode | Date last seen | Copy number | Price effective from | Koha item type |
|---|---|---|---|---|---|---|---|---|---|---|---|---|---|---|---|
| Dewey Decimal Classification | Virtual | Virtual | Online | 02/02/2016 | EBOOK | 159125-2001 | 06/08/2019 | 1 | 06/08/2019 | Book |